| 000 | 00919cam a22002534a 4500 | ||
|---|---|---|---|
| 001 | 12620861 | ||
| 005 | 20240723021310.0 | ||
| 008 | 011214s2002 cau b 001 0 eng | ||
| 020 | _a0520232437 (pbk. : alk. paper) | ||
| 040 |
_aDLC _cDLC _dDLC |
||
| 082 | 0 | 0 |
_a291.2/37 _221 _bGAN |
| 100 | 1 | _aObeyesekere, Gananath. | |
| 245 | 1 | 0 |
_aImagining karma : _bethical transformation in Amerindian, Buddhist, and Greek rebirth / _cGananath Obeyesekere. |
| 260 |
_aBerkeley : _bUniversity of California Press, _c2002. |
||
| 300 | _axxix, 448 p. ; | ||
| 650 | 0 | _aReincarnation | |
| 650 | 0 | _aReincarnation | |
| 650 | 0 | _aReligious ethics | |
| 856 | 4 | 2 | _uhttp://www.loc.gov/catdir/bios/ucal052/2001008252.html |
| 856 | 4 | 1 | _uhttp://www.loc.gov/catdir/toc/ucal041/2001008252.html |
| 856 | 4 | 2 | _uhttp://www.loc.gov/catdir/description/ucal042/2001008252.html |
| 856 | 4 | 2 | _uhttp://www.h-net.org/review/hrev-a0d3b3-aa |
| 942 | _cL | ||
| 999 |
_c5913 _d5913 |
||